000 00341 a2200157 4500
001 194894
040 _cMagnum
100 _aALENCAR, Gelça
240 1 0 _aArraiá na floresta vem cá
_lpor
245 1 0 _aArraiá na floresta vem cá
300 _a14
362 0 _a2013
440 1 _aSEDUC
697 _aLITERATURA INFANTIL
942 _cBK
999 _c194894
_d194894